Service And Salvation (Record no. 62359)

MARC details
000 -LEADER
fixed length control field 00415nam a2200145Ia 4500
008 - FIXED-LENGTH DATA ELEMENTS--GENERAL INFORMATION
fixed length control field 211109s9999||||xx |||||||||||||| ||und||
082 ## - DEWEY DECIMAL CLASSIFICATION NUMBER
Classification number 234
Item number PAT-S
100 ## - MAIN ENTRY--PERSONAL NAME
Personal name Pathrapankal, Joseph
245 #0 - TITLE STATEMENT
Title Service And Salvation
260 ## - PUBLICATION, DISTRIBUTION, ETC.
Name of publisher, distributor, etc. Asian Trading Corporation
Place of publication, distribution, etc. Bangalore
Date of publication, distribution, etc. 1973
300 ## - PHYSICAL DESCRIPTION
Extent 590p.
630 ## - SUBJECT ADDED ENTRY--UNIFORM TITLE
General subdivision General Stack
650 ## - SUBJECT ADDED ENTRY--TOPICAL TERM
Topical term or geographic name entry element Religion
942 ## - ADDED ENTRY ELEMENTS (KOHA)
Koha item type BOOK
650 ## - SUBJECT ADDED ENTRY--TOPICAL TERM
Form subdivision Christianity
General subdivision Christian TheologyBibleGeneralia
Holdings
Withdrawn status Lost status Damaged status Not for loan Home library Current library Date acquired Cost, normal purchase price Total Checkouts Full call number Barcode Shelving location Date last seen Price effective from Koha item type
        SB LIBRARY SB LIBRARY 09/11/2021 50.00   234 PAT-S 00045903 GENERAL STACK 09/11/2021 09/11/2021 BOOK

Powered by Koha